000 00356nam a2200145Ia 4500
005 20250729165341.0
008 250729s2005 xx 000 0 und d
041 _aeng
082 _a370.1 SINE
100 _aRao V K
_9221516
245 _aSports education
260 _aNew Delhi
_bA P H Publishing
_c2005
300 _a257p
650 _aEducation
_9221517
999 _c235048
_d235048